000 00292nam a22001217a 4500
082 _a158.4
100 _aCovey, Stephen R.
245 _aPrinciple-centered leadership
260 _aRawalpindi :
_bServices Book Club,
_c2004.
300 _a332 . ;
_b23 cm.
500 _aHardcover.
942 _cBK
999 _c34130
_d34130